LEADER 01328nam a2200265 4500 001 000000363884 003 CaOOAMICUS 005 20250812084756.0 008 250812s2008 it a 000 u ita r 020 $a978-88-8450-292-6 040 $aSeMil$bita 100 0 $aEgidio : Romano,$c.$0(OLS)http://semarc/name/26321 245 10$a13: De formatione humani corporis in utero /$ca cura di Romana Martorelli Vico. 264 1$aFirenze :$bSISMEL Edizioni del Galluzzo,$c2008. 300 $aVII, 255 p. ;$c25 cm 490 1 $aCorpus philosophorum Medii Aevi. Testi e studi ;$v22 700 1 $aMartorelli Vico, Romana.$0(OLS)http://semarc/name/122578 773 0 $aEgidio : Romano $t2: Opera philosophica.$dFirenze : SISMEL Edizioni del Galluzzo, 2008-$g2$w()363888 830 0$aCorpus philosophorum Medii Aevi. Testi e studi ;$v22.$0(OLS)http://semarc/title/454019 850 $aSeMil 852 $aSeMil$W1$xVenegono$y1$m2N VII 4$j260587$B254748$CSeMilBibl$Z2$F254748 $81 996 $6020$a978-88-8450-292-6$9(OLS)http://semarc/number/303870 996 $6245$a13: De formatione humani corporis in utero$9(OLS)http://semarc/title/455217 996 $6264$aFirenze :$bSISMEL Edizioni del Galluzzo$9(OLS)http://semarc/publisher/31909 LEADER 01002nam a2200205 i 4500 001 000000135231 003 CaOOAMICUS 005 20250611115046.0 008 050224s1974 it a u000 u ita u 040 $aSeMil$bita 100 1 $aPareto, Vilfredo,$d<1848-1923>.$0(OLS)http://semarc/name/1536 245 00$a1: Lo sviluppo del capitalismo (1872-1895) /$cdi Vilfredo Pareto. 264 1$a[Torino] :$bUnione Tipografico-Editrice Torinese,$c1974. 300 $a962 p., [6] carte di tav. :$bill. ;$c24 cm 773 0 $aPareto, Vilfredo <1848-1923>$tScritti politici.$d[Torino] : Unione Tipografico-Editrice Torinese, 1974.$kClassici della politica $g1$w()13005 850 $aSeMil 852 $aSeMil$W1$xVenegono$y1$m2LA A 2$j258352$B88915$CSeMilBibl$Z2$F93523 $81 996 $6245$a1: Lo sviluppo del capitalismo (1872-1895)$9(OLS)http://semarc/title/197834 996 $6264$a[Torino] :$bUnione Tipografico-Editrice Torinese$9(OLS)http://semarc/publisher/29887